00800nam a2200181 a 450000100100000000500170001000800410002704000250006810000260009324000620011924501180018126000400029930000210033970000320036070000310039295201780042399900170060100004016320201002033945.0130812s1966 mx 000 0 spa d aDO-SdBNPbspacBNPHU1 aNkrumah, Kwame96643610aNeo-colonialism, the last stage of imperialismlespañol10aNeocolonialismo última etapa del imperialismo /cKwame Nkrumah ; traducción de Marta Chávez, Martí Soler. aMéxico :bSiglo Veintiuno,c1966. a222 p. ;c21 cm.1 aChávez, Martaetr.9664371 aSoler, Martíetr.929456 0010507-18MOaGRbGRcOId2013-08-12iLF1l0o p40163-10r2020-06-25w2020-06-25y1zPerteneció a la biblioteca personal de Aída Cartagena PortalatínZNo se presta c39653d39653